[Event "FRA-chT1 Regionale 1213"]
[Site "France"]
[Date "2012.11.25"]
[Round "3.1"]
[White "Renard, Stephane"]
[Black "Demuys, Maxime"]
[Result "1-0"]
[WhiteElo "1963"]
[BlackElo "1918"]
[PlyCount "63"]
[EventDate "2012.10.21"]
[EventType "team-tourn"]
[EventRounds "7"]
[EventCountry "FRA"]
[SourceTitle "EXT 2019"]
[Source "ChessBase"]
[SourceDate "2018.10.10"]
[SourceVersion "1"]
[SourceVersionDate "2018.10.10"]
[SourceQuality "1"]

1. f4 Nf6 2. Nf3 d5 3. d4 c5 4. e3 Nc6 5. c3 cxd4 6. exd4 Ne4 7. Bd3 Nd6 8. 0-0 g6 9. Be3 Bg7 10. Nbd2 Bf5 11. Be2 Ne4 12. Nh4 Nxd2 13. Qxd2 Be4 14. f5 Bf6 15. fxg6 hxg6 16. Nf3 Bxf3 17. Rxf3 Qd7 18. Raf1 0-0-0 19. Bg5 Bxg5 20. Qxg5 f6 21. Qxg6 Rdg8 22. Qf5 Rh6 23. Qxd7+ Kxd7 24. Rf5 Kd6 25. Bd1 Na5 26. Be2 Rgh8 27. h3 Rg6 28. Kh2 Rhg8 29. R1f2 Rg3 30. Bf3 e6 31. Rxf6 Nc4 32. Re2 1-0